Immanuel Wallerstein and the problem of the world : system, scale, culture (Record no. 57306)
[ view plain ]
| 000 -LEADER | |
|---|---|
| fixed length control field | 00718nam a2200229Ia 4500 |
| 005 - DATE AND TIME OF LATEST TRANSACTION | |
| control field | 20260629163254.0 |
| 008 - FIXED-LENGTH DATA ELEMENTS--GENERAL INFORMATION | |
| fixed length control field | 260629s9999||||xx |||||||||||||| ||und|| |
| 020 ## - INTERNATIONAL STANDARD BOOK NUMBER | |
| International Standard Book Number | 9780822348481 |
| Qualifying information | pbk |
| 082 ## - DEWEY DECIMAL CLASSIFICATION NUMBER | |
| Classification number | 300.1 |
| Item number | PAL |
| 100 ## - MAIN ENTRY--PERSONAL NAME | |
| Personal name | Palumbo-Liu, David [ed.] |
| 245 #0 - TITLE STATEMENT | |
| Title | Immanuel Wallerstein and the problem of the world : system, scale, culture |
| 260 ## - PUBLICATION, DISTRIBUTION, ETC. | |
| Place of publication, distribution, etc. | London |
| Name of publisher, distributor, etc. | Duke University Press |
| Date of publication, distribution, etc. | 2011 |
| 300 ## - PHYSICAL DESCRIPTION | |
| Extent | viii, 263p. ; 23cm. |
| 653 ## - INDEX TERM--UNCONTROLLED | |
| Uncontrolled term | Capitalism |
| 653 ## - INDEX TERM--UNCONTROLLED | |
| Uncontrolled term | Globalization |
| 653 ## - INDEX TERM--UNCONTROLLED | |
| Uncontrolled term | Social sciences—Philosophy |
| 653 ## - INDEX TERM--UNCONTROLLED | |
| Uncontrolled term | Wallerstein, Immanuel Maurice, 1930-2019 |
| 653 ## - INDEX TERM--UNCONTROLLED | |
| Uncontrolled term | World-systems analysis |
| 700 ## - ADDED ENTRY--PERSONAL NAME | |
| Personal name | Robbins, Bruce [ed.] |
| 700 ## - ADDED ENTRY--PERSONAL NAME | |
| Personal name | Tanoukhi, Nirvana [ed.] |
| 942 ## - ADDED ENTRY ELEMENTS (KOHA) | |
| Koha item type | Book |
| Withdrawn status | Lost status | Damaged status | Not for loan | Home library | Current library | Shelving location | Date acquired | Source of acquisition | Total Checkouts | Full call number | Barcode | Date last seen | Price effective from | Koha item type |
|---|---|---|---|---|---|---|---|---|---|---|---|---|---|---|
| LRC, IIT Indore | LRC, IIT Indore | 3rd Floor - General Stack | 29/06/2026 | Gratis Book Price: USD 34.95 | 300.1 PAL | G2531 | 29/06/2026 | 29/06/2026 | Book |
